000 00699nam a2200229Ia 4500
005 20251020182534.0
008 200515s9999 xx 000 0 und d
082 _a72.015:728(85)/I59/3
245 0 _aPrevi: P-6
260 _aLima
260 _c1973
300 _aPrevi
500 _a1 ejemplar
520 _aEl sistema constructivo empleado puede definirse en la siguiente forma: "Albañilería de bloque de concreto" tipo Previ con un mínimo de refuerzo incorporado en los huecos de los bloques
650 _aBLOQUES DE CONCRETO
650 _aLIB
650 _aPREVI
650 _aPUB ININVI
650 _aSISTEMAS CONSTRUCTIVOS
650 _aVIVIENDAS DE BAJO COSTO
942 _cLIB
999 _c2188
_d2188